000
00302nam a2200121Ia 4500
008
190722s9999 xx 000 0 und d
020
_a
978-81-265-5948-0
100
_a
Gordon S.Linoff
245
0
_a
Data Analysis Using SQL & Excel
260
_a
Delhi
_b
Wiley India
_c
2016
300
_a
744
942
_c
BK
999
_c
794
_d
794